Biblioteca "Ernesto Sabato"
Facultad de Derecho y Ciencias Sociales
Facultad de Lenguas
Universidad Nacional del Comahue

Urgencia, autodesarrollo y ciudadanía responsable de sus deseos (Record no. 25983)

MARC details
000 -CABECERA
campo de control de longitud fija 00688caa a22001572a 4500
001 - NÚMERO DE CONTROL
campo de control 020259
003 - IDENTIFICADOR DEL NÚMERO DE CONTROL
campo de control AR-FADEU
008 - DATOS DE LONGITUD FIJA--INFORMACIÓN GENERAL
campo de control de longitud fija 311216n########xxu####################dd
092 ## - ASIGNACIÓN LOCAL DE SIGNATURA TOPOGRÁFICA DEWEY (OCLC)
Número de clasificación 320.5
Número de documento/Ítem H868
100 ## - ENTRADA PRINCIPAL--NOMBRE DE PERSONA
Nombre de persona Rueda B., Eduardo A.
245 ## - MENCIÓN DE TÍTULO
Título Urgencia, autodesarrollo y ciudadanía responsable de sus deseos
300 ## - DESCRIPCIÓN FÍSICA
Extensión PP. 321-330
500 ## - NOTA GENERAL
Nota general En: Filosofía y teorías políticas entre la crítica y la utopía / comp. Guillermo Hoyos Vásquez. Buenos Aires : CLACSO, 2007
773 0# - ENLACE AL DOCUMENTO FUENTE/ENTRADA DE REGISTRO ANFITRIÓN
Número bibliográfico anfitrión 25965
Número de ítem anfitrión 25095
Encabezamiento principal Hoyos Vásquez, Guillermo, comp.
Edición
Lugar, editor y fecha de publicación Buenos Aires
Otro identificador del documento 4605
Título Filosofía y teorías políticas entre la crítica y la utopía
Número de control del registro ( AR-FADEU) 020241
Número Internacional Normalizado para Publicaciones Seriadas
Número Internacional Estándar del Libro 978-987-1183-75-3
942 ## - ELEMENTOS DE PUNTO DE ACCESO ADICIONAL (KOHA)
Tipo de ítem Koha BDGR

No items available.

Facultad de Derecho y Ciencias Sociales | Universidad Nacional del Comahue | Mendoza y Perú General Roca | Río Negro CP (8332) | Patagonia Argentina | Teléfono: 54-0298-4433670 | | Fax: 0298-4432093 | Fax alumnos: 0298-4435700